Politické ideologie

Uložené v:
Podrobná bibliografia
Hlavný autor: Heywood, Andrew
Ďalší autori: Drábek, Vladimír
Médium: Kniha
Jazyk:Czech
Vydavateľské údaje: Praha Victoria Publ. 1994
Vydanie:1. vyd.
Predmet:
Tagy: Pridať tag
Žiadne tagy, Buďte prvý, kto otaguje tento záznam!

MARC

LEADER 00000nam a2200000 4500
001 c005706
005 20221214075352.6
020 |a 80-85865-10-6 
041 0 |a cze 
044 |a CZ 
245 1 0 |a Politické ideologie  |c Andrew Heywood ; Prekl. Vladimír Drábek 
250 |a 1. vyd. 
264 1 |a Praha  |b Victoria Publ.  |c 1994 
300 |a 293 s. 
610 2 0 |a ideológia 
610 2 0 |a politika 
610 2 0 |a liberalizmus 
610 2 0 |a konzervativizmus 
610 2 0 |a socializmus 
610 2 0 |a nacionalizmus 
610 2 0 |a fašizmus 
610 2 0 |a anarchizmus 
610 2 0 |a prostredie životné 
610 2 0 |a demokracia 
100 1 |a Heywood, Andrew 
700 1 |a Drábek, Vladimír